| 000 | 00679cam a22001931 4500 | ||
|---|---|---|---|
| 082 |
_a510.246213 _bSTE _cL-2, P-10 |
||
| 100 | 1 |
_aStephens, Eugene, _939022 |
|
| 245 | 0 | 4 |
_aThe elementary theory of operational mathematics, _cby Eugene Stephens ... |
| 250 | _a1st ed. | ||
| 260 |
_aNew York, _aLondon, _bMcGraw-Hill Book Company, inc., _c1937. |
||
| 300 |
_axi, 313 p. _b1 illus., diagrs. _c21 cm. |
||
| 490 | 0 | _aElectrical engineering texts | |
| 500 | _aSeries title also at head of t.-p. | ||
| 526 |
_a0 _b0 _c0 _d510_246213000000000_STE |
||
| 650 | 0 |
_aCalculus, Operational. _939023 |
|
| 650 | 0 |
_aDifferential equations, Linear. _910942 |
|
| 650 | 0 |
_aMCE _9379 |
|
| 942 |
_2ddc _cBK |
||
| 999 |
_c543606 _d543606 |
||